| 000 | 00622nam a2200145Ia 4500 | ||
|---|---|---|---|
| 008 | 170221s9999 xx 000 0 und d | ||
| 100 | _aMikhail Vasilievich Vinichenko | ||
| 245 | _aStudent Employment during College Studies and After Career Start | ||
| 245 | _cMikhail Vasilievich Vinichenko, Sergey Anatolyevich Makushkin, Alexander Vasilievich Melnichuk, Elena Victorovna Frolova, Svetlana Nikolaevna Kurbakova | ||
| 260 | _bInternational Review of Management and Marketing | ||
| 260 | _cDecember 2012 | ||
| 300 | _a4:2 | ||
| 650 | _xMarketing. | ||
| 856 | _uhttp://www.econjournals.com/index.php/irmm/issue/view/83 | ||
| 999 |
_c310391 _d310391 |
||